Surface water photochemistry / (Record no. 53349)

MARC details
000 -LEADER
fixed length control field 00761nam a2200253Ia 4500
005 - DATE AND TIME OF LATEST TRANSACTION
control field 20260429112306.0
008 - FIXED-LENGTH DATA ELEMENTS--GENERAL INFORMATION
fixed length control field 260429s9999||||xx |||||||||||||| ||und||
020 ## - INTERNATIONAL STANDARD BOOK NUMBER
International Standard Book Number 9781782620433
041 ## - LANGUAGE CODE
Language English
082 ## - DEWEY DECIMAL CLASSIFICATION NUMBER
Classification number 551.48
Item number CAL
100 ## - MAIN ENTRY--PERSONAL NAME
Personal name Calza, Paola
245 #0 - TITLE STATEMENT
Title Surface water photochemistry /
Statement of responsibility, etc Paola Calza
260 ## - PUBLICATION, DISTRIBUTION, ETC. (IMPRINT)
Place of publication, distribution, etc Cambridge :
Name of publisher, distributor, etc Royal Society of Chemistry,
Date of publication, distribution, etc 2016.
300 ## - PHYSICAL DESCRIPTION
Extent xii, 297 p.; hb
440 ## - SERIES STATEMENT/ADDED ENTRY--TITLE
Title Comprehensive Series in Photochemical & Photobiological Sciences, Volume 12
650 ## - SUBJECT ADDED ENTRY--TOPICAL TERM
Topical term or geographic name as entry element Aquatic chemistry
650 ## - SUBJECT ADDED ENTRY--TOPICAL TERM
Topical term or geographic name as entry element Environmental chemistry
650 ## - SUBJECT ADDED ENTRY--TOPICAL TERM
Topical term or geographic name as entry element Photochemistry
650 ## - SUBJECT ADDED ENTRY--TOPICAL TERM
Topical term or geographic name as entry element Water pollution
650 ## - SUBJECT ADDED ENTRY--TOPICAL TERM
Topical term or geographic name as entry element Water quality
650 ## - SUBJECT ADDED ENTRY--TOPICAL TERM
Topical term or geographic name as entry element Surface water chemistry
700 ## - ADDED ENTRY--PERSONAL NAME
Personal name Vione, Davide
942 ## - ADDED ENTRY ELEMENTS (KOHA)
Koha item type Text Books
Holdings
Withdrawn status Lost status Damaged status Not for loan Collection code Home library Location Shelving location Date of Cataloging Source of acquisition Total Checkouts Full call number Barcode Date last seen Price effective from Koha item type
        Non-fiction CUTN Central Library CUTN Central Library Sciences 29/04/2026 Kiran Book Centre, Bengaluru - Invoice No. 302/25-26 on 11-02-2026   551.48 CAL 56113 29/04/2026 29/04/2026 Text Books
        Non-fiction CUTN Central Library CUTN Central Library Sciences 29/04/2026 Kiran Book Centre, Bengaluru - Invoice No. 302/25-26 on 11-02-2026   551.48 CAL 56114 29/04/2026 29/04/2026 Text Books